<?xml version="1.0" encoding="UTF-8"?>
<record
    xmlns:xsi="http://www.w3.org/2001/XMLSchema-instance"
    xsi:schemaLocation="http://www.loc.gov/MARC21/slim http://www.loc.gov/standards/marcxml/schema/MARC21slim.xsd"
    xmlns="http://www.loc.gov/MARC21/slim">

  <leader>00963nam a22001577a 4500</leader>
  <controlfield tag="008">120705t        xxu||||| |||| 00| 0 eng d</controlfield>
  <datafield tag="020" ind1=" " ind2=" ">
    <subfield code="a">047155527</subfield>
  </datafield>
  <datafield tag="050" ind1=" " ind2=" ">
    <subfield code="a">HG179.G678</subfield>
  </datafield>
  <datafield tag="100" ind1=" " ind2=" ">
    <subfield code="a">Goodman, Robert </subfield>
  </datafield>
  <datafield tag="245" ind1=" " ind2=" ">
    <subfield code="a">Indpendently wealthy: how to build financial security in the new economic era. /</subfield>
    <subfield code="c">Robert Goodman</subfield>
  </datafield>
  <datafield tag="260" ind1=" " ind2=" ">
    <subfield code="a">New York:</subfield>
    <subfield code="b">John Wiley &amp; Sons,</subfield>
    <subfield code="c">1996.</subfield>
  </datafield>
  <datafield tag="300" ind1=" " ind2=" ">
    <subfield code="a">xix, 220 p.:</subfield>
    <subfield code="c">24cm</subfield>
  </datafield>
  <datafield tag="500" ind1=" " ind2=" ">
    <subfield code="a">Includes Index.</subfield>
  </datafield>
  <datafield tag="505" ind1=" " ind2=" ">
    <subfield code="a">Contents: The Reluctant capitalists -- The Enduring conflict: Economic efficiency -- The Keynesian revolution and the concept of economic justice -- The 1980s: Renaissance or relapse -- The Dawning of the new economic era -- The Path to wealth -- Mutual funds: Prudent vessels of choice -- Avoiding the tax bite: Shelters and strategies -- Putting it all together -- Building your plan: Move decisvely but stay flexible -- Summing up: Ten rules that can make you independently wealthy -- Appendix.</subfield>
  </datafield>
  <datafield tag="942" ind1=" " ind2=" ">
    <subfield code="2">lcc</subfield>
    <subfield code="c">BK</subfield>
  </datafield>
  <datafield tag="999" ind1=" " ind2=" ">
    <subfield code="c">1643</subfield>
    <subfield code="d">9143</subfield>
  </datafield>
  <datafield tag="952" ind1=" " ind2=" ">
    <subfield code="0">0</subfield>
    <subfield code="1">0</subfield>
    <subfield code="2">lcc</subfield>
    <subfield code="4">0</subfield>
    <subfield code="7">0</subfield>
    <subfield code="a">WIUC-1</subfield>
    <subfield code="b">WIUC-1</subfield>
    <subfield code="c">GEN</subfield>
    <subfield code="d">2012-07-05</subfield>
    <subfield code="l">0</subfield>
    <subfield code="o">HG179.G678</subfield>
    <subfield code="p">3304/12</subfield>
    <subfield code="r">2012-07-05 00:00:00</subfield>
    <subfield code="t">1</subfield>
    <subfield code="w">2012-07-05</subfield>
    <subfield code="y">BK</subfield>
  </datafield>
</record>
